000 00737nam a2200229 a 4500
001 13861
003 BD-JhCC
005 20240425125439.0
008 190608s2023 bg |||| |||| 000 0 ben d
020 _a9789849676089
035 _a(BD-JhCC)13861
040 _aBD-JhCC
_dBD-JhCC
041 _abengali
082 _a154.2
_bASD 2023
245 _aমাইন্ড পাওয়ার /
_cঅনু:মোহাম্মদ আসাদুজ্জামান।
260 _aঢাকা :
_bশিব্দশিল্প;
_c2023.
300 _a235 p. :
_c22 cm.
650 _aSelf-development and meditation
700 _aআসাদুজ্জামান,মোহাম্মদ
942 _2ddc
_cBK
_06
999 _c13861
_d13861